Before/after : transformation, change, and abandonment in the Roman and late antique Mediterranean /
The result of a workshop held at the Theoretical Roman Archaeology Conference (2016), this book explores various aspects related to transformation and change in the Roman and Late Antique world, from the evolution of settlement patterns to spatial re-configuration after abandonment processes.
Other Authors: , , ,
Format: eBook
Language: English
Published:
Oxford :
Archaeopress Publishing Ltd,
2020.
Series:
Access archaeology.
Subjects:
Online Access: Login to view Source
Tags: Add Tag
Call Number: DG78
| LEADER | 02202nam a2200469 i 4500 | ||
|---|---|---|---|
| 001 | EDZ0002251030 | ||
| 003 | StDuBDS | ||
| 005 | 20230412182807.0 | ||
| 006 | m|||||o||d|||||||| | ||
| 007 | cr ||||||||||| | ||
| 008 | 200505s2020 enkaf fob 000|0|eng|d | ||
| 020 | |a 9781789696004 (PDF ebook) : |c No price | ||
| 040 | |a StDuBDS |b eng |c StDuBDS |e rda |e pn | ||
| 050 | 4 | |a DG78 | |
| 082 | 0 | 4 | |a 937 |2 23 |
| 245 | 0 | 0 | |a Before/after : |b transformation, change, and abandonment in the Roman and late antique Mediterranean / |c edited by Paolo Cimadomo, Rocco Palermo, Raffaella Pappalardo, and Raffaella Pierobon Benoit. |
| 264 | 1 | |a Oxford : |b Archaeopress Publishing Ltd, |c 2020. | |
| 300 | |a 1 online resource (126 pages, 8 pages of plates) : |b illustrations (black and white, and colour). | ||
| 336 | |a text |2 rdacontent | ||
| 336 | |a still image |2 rdacontent | ||
| 337 | |a computer |2 rdamedia | ||
| 338 | |a online resource |2 rdacarrier | ||
| 490 | 1 | |a Access archaeology | |
| 500 | |a "Available both in print and Open Access"--Home page. | ||
| 500 | |a Also issued in print: 2020. | ||
| 504 | |a Includes bibliographical references. | ||
| 506 | 0 | |a Open access. | |
| 520 | 8 | |a The result of a workshop held at the Theoretical Roman Archaeology Conference (2016), this book explores various aspects related to transformation and change in the Roman and Late Antique world, from the evolution of settlement patterns to spatial re-configuration after abandonment processes. | |
| 521 | |a Specialized. | ||
| 588 | |a Description based on online resource; title from PDF title page (viewed on June 15, 2020). | ||
| 651 | 0 | |a Rome |x Antiquities. | |
| 650 | 0 | |a Human settlements |z Rome |x History |y To 1500. | |
| 700 | 1 | |a Cimadomo, Paolo, |e editor. | |
| 700 | 1 | |a Palermo, Rocco, |e editor. | |
| 700 | 1 | |a Pappalardo, Raffaella, |e editor. | |
| 700 | 1 | |a Pierobon Benoit, Raffaella, |e editor. | |
| 776 | 0 | 8 | |i Print version : |z 9781789695991 |
| 830 | 0 | |a Access archaeology. | |
| 856 | 4 | 0 | |3 Archaeopress |u http://library.arce.org:8087/Archaeopress/Products/9781789695991 |
| 942 | |2 lcc |c EBOOK | ||
| 952 | |0 0 |1 0 |4 0 |6 DG0078 |7 1 |9 46689 |a ARCH |b ARCH |d 2023-04-12 |l 0 |o DG78 |r 2023-04-12 00:00:00 |w 2023-04-12 |y EBOOK | ||
| 999 | |c 52347 |d 52347 | ||
